[Event "POL-chT U18 1st"]
[Site "Poland"]
[Date "2022.06.28"]
[Round "4.2"]
[White "Klaska, Szymon"]
[Black "Lysakowski, Piotr"]
[Result "0-1"]
[WhiteElo "1563"]
[BlackElo "1542"]
[PlyCount "80"]
[EventDate "2022.06.25"]
[EventType "team-swiss"]
[EventRounds "9"]
[EventCountry "POL"]
[SourceTitle "EXT 2023"]
[Source "ChessBase"]
[SourceDate "2022.10.05"]
[SourceVersion "1"]
[SourceVersionDate "2022.10.05"]
[SourceQuality "1"]
[WhiteTeam "Kalisz KTS"]
[BlackTeam "Czerwionka Leszczyny Skoczek"]
[WhiteTeamCountry "POL"]
[BlackTeamCountry "POL"]

1. c4 e5 2. Nc3 Nc6 3. g3 g6 4. Bg2 Bg7 5. e3 d6 6. Nge2 f5 7. 0-0 Nf6 8. d3 0-0 9. Rb1 h6 10. b4 g5 11. f4 gxf4 12. exf4 Kh7 13. b5 Ne7 14. h3 Qe8 15. fxe5 dxe5 16. Ba3 Rg8 17. Qd2 Rb8 18. Rbe1 Qd7 19. Kh1 Ng6 20. Qe3 b6 21. d4 e4 22. c5 Nd5 23. Nxd5 Qxd5 24. Rd1 Qxa2 25. h4 bxc5 26. h5 Ne7 27. Bxc5 Nd5 28. Qd2 Qxd2 29. Rxd2 Rxb5 30. Bxa7 Bf8 31. Rc1 Bd6 32. Bc5 Bxg3 33. Bf1 Rb3 34. Nxg3 Rbxg3 35. Bc4 Rh3+ 36. Rh2 Rxh2+ 37. Kxh2 c6 38. Ra1 Rg7 39. Ra8 Bd7 40. Bd6 Nb6 0-1

[Event "Ustron op-C"]
[Site "Ustron"]
[Date "2020.08.15"]
[Round "6"]
[White "Zimny, Jakub"]
[Black "Lysakowski, Piotr"]
[Result "1/2-1/2"]
[WhiteElo "1568"]
[BlackElo "1537"]
[PlyCount "81"]
[EventDate "2020.08.15"]
[EventType "swiss"]
[EventRounds "9"]
[EventCountry "POL"]
[SourceTitle "EXT 2021"]
[Source "ChessBase"]
[SourceDate "2020.10.23"]
[SourceVersion "1"]
[SourceVersionDate "2020.10.23"]
[SourceQuality "1"]

1. e4 c6 2. d4 d5 3. exd5 cxd5 4. c4 Nf6 5. Nc3 g6 6. Qb3 Bg7 7. cxd5 0-0 8. Be2 Nbd7 9. Bf3 Nb6 10. Nge2 Bg4 11. Bxg4 Nxg4 12. Bf4 Qd7 13. 0-0 Rfd8 14. d6 exd6 15. d5 Ne5 16. Rac1 Nd3 17. Rc2 Nxf4 18. Nxf4 Qf5 19. Nfe2 Rac8 20. Ng3 Qd3 21. Rd1 Qc4 22. Qa3 a6 23. Nge4 Bxc3 24. Nxc3 Kg7 25. b3 Qc5 26. Qb2 Kg8 27. a3 Nd7 28. Rdd2 Re8 29. Ne2 Qb6 30. h3 Nc5 31. b4 Ne4 32. Rd4 Qd8 33. Rdc4 Rxc4 34. Rxc4 Qe7 35. Qc2 Nf6 36. Rc8 Nxd5 37. Rxe8+ Qxe8 38. Qd3 Qe5 39. Qc4 Kg7 40. Ng3 Qe1+ 41. Kh2 1/2-1/2

[Event "Jastrzebie Zdroj op"]
[Site "Jastrzebie Zdroj"]
[Date "2019.08.14"]
[Round "3"]
[White "Lysakowski, Piotr"]
[Black "Szymon, Jakub"]
[Result "1-0"]
[WhiteElo "1415"]
[BlackElo "1572"]
[PlyCount "120"]
[EventDate "2019.08.12"]
[EventType "swiss"]
[EventRounds "9"]
[EventCountry "POL"]
[SourceTitle "CBM 191 Extra"]
[Source "ChessBase"]
[SourceDate "2019.09.30"]
[SourceVersion "1"]
[SourceVersionDate "2019.09.30"]
[SourceQuality "1"]

1. d4 d5 2. c4 c6 3. Nc3 e6 4. e3 Nf6 5. Nf3 Nbd7 6. Bd3 dxc4 7. Bxc4 b5 8. Bd3 b4 9. Na4 Be7 10. 0-0 0-0 11. e4 Re8 12. Qc2 Nf8 13. Qxc6 Bd7 14. Qc2 Qa5 15. b3 Rec8 16. Qd1 Qh5 17. Nb2 Ng6 18. Nc4 e5 19. Nfxe5 Ng4 20. h3 Rxc4 21. Bxc4 N6xe5 22. dxe5 Qxe5 23. hxg4 Bd6 24. Bf4 Qxf4 25. g3 Qe5 26. Qd5 Qxd5 27. Bxd5 Re8 28. Rad1 Bxg4 29. Bxf7+ Kxf7 30. Rxd6 Bf3 31. Rd7+ Kg6 32. Rc1 Rxe4 33. Rc6+ Kh5 34. Rc1 Kh6 35. Rd6+ g6 36. Rd3 Be2 37. Re3 Rxe3 38. fxe3 Bd3 39. Rc7 a6 40. Rb7 Bb1 41. Rxb4 Bxa2 42. Kf2 a5 43. Rb5 Kg7 44. e4 Kf6 45. Ke3 h6 46. Kd4 g5 47. Kc3 Bb1 48. e5+ Kf5 49. Rxa5 Kg4 50. e6 Kxg3 51. e7 Bg6 52. Ra6 Bf7 53. Rxh6 g4 54. Rh8 Kg2 55. e8Q Bxe8 56. Rxe8 g3 57. b4 Kh2 58. b5 g2 59. Rg8 Kg1 60. b6 Kh1 1-0